| 000 | 00698cam a22002291 4500 | ||
|---|---|---|---|
| 999 |
_c233427 _d233427 |
||
| 001 | 9830463 | ||
| 003 | Nust | ||
| 005 | 20170307152633.0 | ||
| 008 | 721212s1960 nyu 000 1 eng | ||
| 010 | _a 60006893 | ||
| 020 | _a9780006161226 | ||
| 035 | _a(OCoLC)513093 | ||
| 040 |
_aDLC _cGACCLC _dOCoLC _dViBlbV _dDLC |
||
| 042 | _apremarc | ||
| 050 | 0 | 0 |
_aPZ4.M1626 _bNi _aPR6063.A248 |
| 082 |
_a823.914 _bMAC |
||
| 100 | 1 |
_aMacLean, Alistair, _d1922-1987. |
|
| 245 | 1 | 0 |
_aNight without end. _c Alistair, MacLean |
| 250 | _a[1st ed.] | ||
| 260 |
_aGarden City, N.Y., _bDoubleday, _c1960. |
||
| 300 |
_a373 p. _c22 cm. |
||
| 650 |
_aAircraft accidents _xFiction |
||
| 906 |
_a7 _bcbc _coclcrpl _du _encip _f19 _gy-gencatlg |
||
| 942 |
_2ddc _cBK |
||